[Event "Foment Martinenc op-C 23rd"]
[Site "Barcelona"]
[Date "2023.05.06"]
[Round "3"]
[White "Teplytska, Yeva"]
[Black "Sanchez Hernandez, Alex"]
[Result "0-1"]
[WhiteElo "1294"]
[BlackElo "1464"]
[PlyCount "34"]
[EventDate "2023.04.22"]
[EventType "swiss"]
[EventRounds "9"]
[EventCountry "ESP"]
[SourceTitle "EXT 2024"]
[Source "ChessBase"]
[SourceDate "2023.10.10"]
[SourceVersion "1"]
[SourceVersionDate "2023.10.10"]
[SourceQuality "1"]

1. e4 e5 2. Nf3 Nc6 3. Nc3 Nf6 4. Bc4 Nxe4 5. Nxe4 d5 6. Bd3 dxe4 7. Bxe4 Bg4 8. d3 Qd7 9. Be3 f5 10. h3 fxe4 11. hxg4 exf3 12. Qxf3 0-0-0 13. 0-0 Nd4 14. Qe4 h5 15. gxh5 Ne2+ 16. Kh2 Rxh5+ 17. Qh4 Rxh4# 0-1

[Event "Foment Martinenc op-C 22nd"]
[Site "Barcelona"]
[Date "2022.04.30"]
[Round "2"]
[White "Rodriguez Batuecas, Jordi"]
[Black "Sanchez Hernandez, Alex"]
[Result "1/2-1/2"]
[WhiteElo "1736"]
[BlackElo "1402"]
[PlyCount "70"]
[EventDate "2022.04.23"]
[EventType "swiss"]
[EventRounds "9"]
[EventCountry "ESP"]
[SourceTitle "EXT 2023"]
[Source "ChessBase"]
[SourceDate "2022.10.05"]
[SourceVersion "1"]
[SourceVersionDate "2022.10.05"]
[SourceQuality "1"]

1. c4 e5 2. Nc3 Nc6 3. g3 Nf6 4. Bg2 Bc5 5. e3 d6 6. Nge2 Be6 7. b3 d5 8. cxd5 Nxd5 9. 0-0 Qd7 10. Ne4 Bb6 11. Bb2 Bh3 12. d4 Bxg2 13. Kxg2 Qf5 14. Qd3 Nde7 15. Nc5 Qxd3 16. Nxd3 0-0-0 17. Rad1 exd4 18. exd4 Nxd4 19. Nef4 Nef5 20. Ne5 Rhf8 21. Ba3 c5 22. Rc1 f6 23. Ned3 Rf7 24. Nxc5 Kb8 25. Rfe1 Rc8 26. Nce6 Rxc1 27. Rxc1 Nxe6 28. Nxe6 g5 29. Bc5 Bxc5 30. Rxc5 Ng7 31. Nd4 Rc7 32. Rd5 h6 33. Rd6 Rf7 34. Nb5 Rf8 35. Rd7 Nf5 1/2-1/2